| 000 | 00340nam a22001217a 4500 | ||
|---|---|---|---|
| 082 |
_a297.72 _bKHA |
||
| 100 |
_aKhattab, Mehmood Shis _951025 |
||
| 245 | _aآل حضر ت بحیثیت سپه سا لار | ||
| 260 |
_aKarachi: _bShiekh Ghulam Ali, |
||
| 300 |
_a635p. _c21cm. |
||
| 526 |
_a0 _b0 _c0 _d297_720000000000000_KHA |
||
| 942 |
_2ddc _cBK |
||
| 999 |
_c553761 _d553761 |
||